पुरानी धरती का बेटा (Record no. 891509)

MARC details
000 -LEADER
fixed length control field 01136nam a2200253Ia 4500
003 - CONTROL NUMBER IDENTIFIER
control field OSt
005 - DATE AND TIME OF LATEST TRANSACTION
control field 20220930190036.0
008 - FIXED-LENGTH DATA ELEMENTS--GENERAL INFORMATION
fixed length control field 220926b |||||||| |||| 00| 0 hin d
037 ## - SOURCE OF ACQUISITION
Terms of availability Textbook
040 ## - CATALOGING SOURCE
Original cataloging agency CRL
Transcribing agency CRL
Language of cataloging hin
041 ## - LANGUAGE CODE
Source of code hin
Language code of text/sound track or separate title hin
100 ## - MAIN ENTRY--PERSONAL NAME
Personal name विद्यालंकार, महाव्रत, अनु.
9 (RLIN) 165984
245 #0 - TITLE STATEMENT
Title पुरानी धरती का बेटा
Remainder of title मंगोलिया के कालजयी लेखक नात्स्गदोर्ल की रचनाएॅं
246 ## - VARYING FORM OF TITLE
Title proper/short title Purānī dharatī kā beṭā: mangoliyā ke kālajayī lekhak nātsgadorla kī rachanāeॅan
260 ## - PUBLICATION, DISTRIBUTION, ETC.
Place of publication, distribution, etc. नई दिल्ली,
Name of publisher, distributor, etc. साहित्य अकादेमी, भारत
Date of publication, distribution, etc. 1966
300 ## - PHYSICAL DESCRIPTION
Extent 120पृ0
Dimensions cm.
942 ## - ADDED ENTRY ELEMENTS (KOHA)
Classification part O496,6M06x, 152K6
Koha item type Textbook
Source of classification or shelving scheme Colon Classification (CC)
Holdings
Withdrawn status Lost status Damaged status Not for loan Home library Current library Date acquired Source of acquisition Cost, normal purchase price Total Checkouts Full call number Barcode Date last seen Cost, replacement price Price effective from Koha item type
        Central Library Central Library 2022-09-30 536, 19/03/2009, Vani Prakashan 75.00   O496,6M06x 152K6 CL1428731 2022-09-30 75.00 2022-09-30 Textbook
Copyright @ Delhi University Library System